[Event "Andalucia-ch-A/U18"]
[Site "Linares"]
[Date "2025.05.24"]
[Round "4"]
[White "Ibanez Macias, Julen"]
[Black "Carrillo Haro, Jorge"]
[Result "1-0"]
[WhiteElo "2005"]
[BlackElo "1918"]
[PlyCount "137"]
[EventDate "2025.05.22"]
[EventType "swiss"]
[EventRounds "7"]
[EventCountry "ESP"]
[SourceTitle "CB22_2025"]
[SourceDate "2025.05.28"]
[SourceVersion "1"]
[SourceVersionDate "2025.05.28"]
[SourceQuality "1"]

1. d4 Nf6 2. Nf3 b6 3. Bg5 Bb7 4. Nbd2 d6 5. c3 Nbd7 6. e3 c5 7. dxc5 bxc5 8. Bb5 Qb6 9. Qe2 Bc6 10. a4 h6 11. Nc4 Qc7 12. Bf4 e5 13. Bxc6 Qxc6 14. Bg3 Be7 15. Na5 Qc7 16. Qa6 0-0 17. Nc6 Nb6 18. Nxe7+ Qxe7 19. 0-0 Nbd5 20. Rad1 Rfd8 21. e4 Nc7 22. Qc4 a5 23. Nh4 Qe6 24. Qe2 c4 25. Rd2 Na6 26. f3 Nc5 27. Nf5 d5 28. Rfd1 Nb3 29. Rc2 Rac8 30. Bh4 d4 31. Qe1 d3 32. Rf2 Rd7 33. Ne3 g5 34. Bg3 Rcd8 35. Nf5 Nh5 36. Ne3 f6 37. Rf1 Rb8 38. Nd5 Rdb7 39. Qe3 Nf4 40. Bxf4 exf4 41. Qf2 Qd6 42. g3 fxg3 43. hxg3 Nc5 44. Rd2 f5 45. Qd4 Rd8 46. Qxc4 Qxg3+ 47. Rg2 Qd6 48. Ne3+ Kf8 49. Nxf5 Qb6 50. Kh1 Ne6 51. f4 Rc7 52. Qa2 d2 53. Nd4 Rxd4 54. fxg5+ Ke8 55. cxd4 Rc1 56. Rgg1 Qc6 57. Qd5 Qxd5 58. exd5 Rxf1 59. Rxf1 Nxg5 60. Rd1 Ne4 61. Kg2 Kd7 62. Kf3 Ng5+ 63. Ke3 Kd6 64. Rxd2 Kxd5 65. Kf4 Ne6+ 66. Ke3 h5 67. Rh2 Ng7 68. Kd3 Kd6 69. Ke4 1-0

[Event "ESP-ch U14 rapid"]
[Site "Salobrena"]
[Date "2024.07.20"]
[Round "1"]
[White "Torrent Santonja, Adria"]
[Black "Ibanez Macias, Julen"]
[Result "0-1"]
[WhiteElo "1624"]
[BlackElo "1905"]
[PlyCount "68"]
[EventDate "2024.07.20"]
[EventType "swiss (rapid)"]
[EventRounds "9"]
[EventCountry "ESP"]
[SourceTitle "CBM 221 Extra"]
[Source "ChessBase"]
[SourceDate "2024.09.30"]
[SourceVersion "1"]
[SourceVersionDate "2024.09.30"]
[SourceQuality "1"]

1. f4 c5 2. Nf3 Nc6 3. e3 g6 4. Be2 Bg7 5. 0-0 e6 6. Nc3 Nge7 7. b3 a6 8. Bb2 b5 9. Rb1 0-0 10. d3 d5 11. e4 d4 12. Qe1 dxc3 13. Bxc3 Nd4 14. Nxd4 cxd4 15. Bb4 a5 16. Ba3 b4 17. Bc1 Bb7 18. g4 f5 19. gxf5 exf5 20. e5 Rc8 21. Bd1 Nd5 22. Bd2 Re8 23. h4 Nc3 24. Bxc3 bxc3 25. h5 g5 26. Qg3 gxf4 27. Rxf4 Kh8 28. Rxf5 Rg8 29. Bg4 Qd5 30. Rbf1 Bxe5 31. Rxe5 Rxg4 32. Qxg4 Qxe5 33. Qh4 Rg8+ 34. Kf2 Qe3# 0-1

[Event "ESP-ch U14"]
[Site "Salobrena"]
[Date "2024.07.19"]
[Round "7"]
[White "Herraiz Gomez, Iker"]
[Black "Ibanez Macias, Julen"]
[Result "1/2-1/2"]
[WhiteElo "1993"]
[BlackElo "1937"]
[PlyCount "117"]
[EventDate "2024.07.15"]
[EventType "swiss"]
[EventRounds "9"]
[EventCountry "ESP"]
[SourceTitle "EXT 2025"]
[Source "ChessBase"]
[SourceDate "2024.10.14"]
[SourceVersion "1"]
[SourceVersionDate "2024.10.14"]
[SourceQuality "1"]

1. d4 Nf6 2. c4 g6 3. Nc3 Bg7 4. e4 d6 5. Nf3 0-0 6. Be2 e5 7. 0-0 exd4 8. Nxd4 Re8 9. f3 c6 10. Nc2 a5 11. Kh1 Be6 12. f4 Bc8 13. Bf3 Na6 14. Be3 Be6 15. Qe2 Qc8 16. Rad1 d5 17. cxd5 cxd5 18. e5 Ng4 19. Nxd5 Nxe3 20. Ncxe3 Qc5 21. Rc1 Qf8 22. Qb5 Red8 23. a3 Rac8 24. Qxb7 Nc5 25. Qb5 Bd7 26. Qb6 Nd3 27. Rxc8 Bxc8 28. Qd4 Nc5 29. b4 Nb3 30. Qd3 a4 31. Bd1 Bb7 32. Bxb3 axb3 33. Qxb3 Qe8 34. b5 g5 35. g3 Qe6 36. Rd1 gxf4 37. gxf4 Qh3 38. Qd3 Kh8 39. Kg1 Bh6 40. Qf1 Rg8+ 41. Ng2 Bxd5 42. Rxd5 Bxf4 43. a4 Qxh2+ 44. Kf2 Qg3+ 45. Ke2 Qxg2+ 46. Qxg2 Rxg2+ 47. Kf3 Rd2 48. Rc5 Rd4 49. a5 Ra4 50. b6 Rb4 51. Rc6 Bxe5 52. a6 Ra4 53. a7 Bd4 54. Rc8+ Kg7 55. a8Q Rxa8 56. Rxa8 Bxb6 57. Kg4 Bd4 58. Kf5 h6 59. Ra6 1/2-1/2

[Event "ESP-ch U14"]
[Site "Salobrena"]
[Date "2024.07.15"]
[Round "1"]
[White "Ponce Isach, Alvaro"]
[Black "Ibanez Macias, Julen"]
[Result "0-1"]
[WhiteElo "1691"]
[BlackElo "1937"]
[PlyCount "62"]
[EventDate "2024.07.15"]
[EventType "swiss"]
[EventRounds "9"]
[EventCountry "ESP"]
[SourceTitle "EXT 2025"]
[Source "ChessBase"]
[SourceDate "2024.10.14"]
[SourceVersion "1"]
[SourceVersionDate "2024.10.14"]
[SourceQuality "1"]

1. e4 c5 2. Nf3 d6 3. Bb5+ Nd7 4. 0-0 Ngf6 5. Re1 a6 6. Bd3 g6 7. c3 Bg7 8. Bc2 0-0 9. d4 e6 10. Bf4 Qb6 11. Qc1 Qc6 12. h3 b5 13. e5 dxe5 14. Nxe5 Nxe5 15. Bxe5 Bb7 16. f3 Rac8 17. Bxf6 Bxf6 18. Be4 Qb6 19. Bxb7 Qxb7 20. dxc5 Rxc5 21. a3 Rd8 22. Rd1 Rcd5 23. Rxd5 Qxd5 24. Qc2 Bh4 25. Kh2 Qe5+ 26. g3 Qxg3+ 27. Kh1 Qxh3+ 28. Kg1 Qg3+ 29. Kh1 Qxf3+ 30. Kg1 Bf2+ 31. Qxf2 Rd1+ 0-1

[Event "ESP-ch U14"]
[Site "Salobrena"]
[Date "2023.07.19"]
[Round "4"]
[White "Ibanez Macias, Julen"]
[Black "Ruiz Garcia, Enri"]
[Result "1-0"]
[WhiteElo "1720"]
[BlackElo "1474"]
[PlyCount "79"]
[EventDate "2023.07.17"]
[EventType "swiss"]
[EventRounds "9"]
[EventCountry "ESP"]
[SourceTitle "EXT 2024"]
[Source "ChessBase"]
[SourceDate "2023.10.10"]
[SourceVersion "1"]
[SourceVersionDate "2023.10.10"]
[SourceQuality "1"]

1. e4 c6 2. d4 d5 3. e5 Bf5 4. h4 h5 5. Bg5 Qb6 6. Nd2 e6 7. Nb3 Nd7 8. Bd3 Bxd3 9. Qxd3 c5 10. dxc5 Bxc5 11. Qg3 Ne7 12. Bxe7 Kxe7 13. Nf3 Qb4+ 14. Nfd2 a5 15. a3 Qb6 16. 0-0 a4 17. Nxc5 Qxc5 18. c4 dxc4 19. Nf3 Rh6 20. Qg5+ Kf8 21. Rad1 Qe7 22. Rd4 Nb6 23. Rfd1 Qxg5 24. hxg5 Rh8 25. Rd6 Nd5 26. Rd7 g6 27. Nd4 Ra5 28. Rc1 b5 29. Rb7 Nf4 30. Rc3 Rg8 31. Rf3 Nd5 32. Rfxf7+ Ke8 33. Nxe6 b4 34. axb4 Rb5 35. Ng7+ Rxg7 36. Rxg7 Rxb7 37. Rxb7 a3 38. bxa3 c3 39. Rb5 c2 40. Rc5 1-0

[Event "ESP-ch U14 Rapid"]
[Site "Salobrena"]
[Date "2022.07.24"]
[Round "6"]
[White "Calvo Gonzalez, Jose Felix"]
[Black "Ibanez Macias, Julen"]
[Result "1-0"]
[WhiteElo "1681"]
[BlackElo "1360"]
[PlyCount "123"]
[EventDate "2022.07.23"]
[EventType "swiss (rapid)"]
[EventRounds "9"]
[EventCountry "ESP"]
[SourceTitle "EXT 2023"]
[Source "ChessBase"]
[SourceDate "2022.10.05"]
[SourceVersion "1"]
[SourceVersionDate "2022.10.05"]
[SourceQuality "1"]

1. e4 c5 2. Nf3 d6 3. d4 cxd4 4. Nxd4 Nf6 5. Nc3 a6 6. Bg5 e6 7. f4 b5 8. Qf3 Bb7 9. a3 Nbd7 10. 0-0-0 Be7 11. g4 Nc5 12. Bxf6 Bxf6 13. g5 Bxd4 14. Rxd4 Qb6 15. Rd1 0-0-0 16. Bg2 a5 17. b4 axb4 18. axb4 Na6 19. Na2 d5 20. e5 Kb8 21. c3 Rc8 22. Kb2 Rc7 23. Rd4 Rhc8 24. Rhd1 g6 25. Nc1 Rc4 26. Nb3 Qc7 27. Rxc4 Qxc4 28. Rd4 Qc7 29. Qd3 Qb6 30. Bf1 Bc6 31. h4 Nc7 32. Qe3 Na6 33. Rd3 Qxe3 34. Rxe3 Nc7 35. Nd4 Bd7 36. Rh3 Rg8 37. h5 Rg7 38. hxg6 fxg6 39. Kc2 Rf7 40. Rh4 Kb7 41. Kd2 Kb6 42. Ke3 Ne8 43. Bh3 Ng7 44. Kf3 Nf5 45. Bxf5 gxf5 46. Rh6 Re7 47. Kg3 Kc7 48. Kh4 Kd8 49. Rf6 Kc7 50. Kh5 Be8+ 51. Kh6 Bd7 52. Rf8 Be8 53. Rg8 Bg6 54. Rg7 Kd7 55. Rxe7+ Kxe7 56. Nxb5 Kd7 57. Nd4 Ke7 58. Kg7 Kd7 59. Kf6 Kc7 60. Nxe6+ Kc6 61. Nd4+ Kb6 62. e6 1-0

[Event "ESP-ch U14 Rapid"]
[Site "Salobrena"]
[Date "2022.07.23"]
[Round "1"]
[White "Ibanez Macias, Julen"]
[Black "Salinas Tomas, Daniel"]
[Result "0-1"]
[WhiteElo "1360"]
[BlackElo "2083"]
[PlyCount "104"]
[EventDate "2022.07.23"]
[EventType "swiss (rapid)"]
[EventRounds "9"]
[EventCountry "ESP"]
[SourceTitle "EXT 2023"]
[Source "ChessBase"]
[SourceDate "2022.10.05"]
[SourceVersion "1"]
[SourceVersionDate "2022.10.05"]
[SourceQuality "1"]

1. e4 c5 2. Nf3 e6 3. d4 cxd4 4. Nxd4 Nf6 5. Nc3 Nc6 6. Ndb5 d6 7. Be2 a6 8. Nd4 Be7 9. 0-0 0-0 10. Be3 Qc7 11. Qd2 Bd7 12. Rad1 Rac8 13. f4 Nxd4 14. Bxd4 e5 15. fxe5 dxe5 16. Be3 Bc6 17. Bf3 b5 18. Rf2 Rfd8 19. Qe1 Rxd1 20. Qxd1 b4 21. Nd5 Bxd5 22. exd5 Bc5 23. Qe2 e4 24. Bh5 Bxe3 25. Bxf7+ Qxf7 26. Qxe3 Qxd5 27. Qa7 Rd8 28. Qxa6 Qd4 29. Qe6+ Kh8 30. h3 e3 31. Rf3 Qxb2 32. Rxe3 Qxc2 33. Qe7 Qd2 34. Kh2 h6 35. Rg3 Nh5 36. Rg4 Qd6+ 37. Qxd6 Rxd6 38. Rxb4 Ra6 39. a4 Nf6 40. Rd4 Kg8 41. g4 Kf7 42. Kg3 Ke6 43. Rb4 Nd5 44. Re4+ Kd6 45. Kh4 g5+ 46. Kg3 Nc3 47. Rd4+ Ke5 48. Rd8 Nxa4 49. Re8+ Re6 50. Rf8 Nc5 51. Rf5+ Kd6 52. h4 Ne4+ 0-1

[Event "ESP-ch U12 Rapid"]
[Site "Salobrena"]
[Date "2022.07.17"]
[Round "7"]
[White "Ibanez Macias, Julen"]
[Black "Alonso Gimenez, Mauro"]
[Result "1-0"]
[WhiteElo "1360"]
[BlackElo "1456"]
[PlyCount "141"]
[EventDate "2022.07.09"]
[EventType "swiss (rapid)"]
[EventRounds "9"]
[EventCountry "ESP"]
[SourceTitle "EXT 2023"]
[Source "ChessBase"]
[SourceDate "2022.10.05"]
[SourceVersion "1"]
[SourceVersionDate "2022.10.05"]
[SourceQuality "1"]

1. e4 e5 2. Nf3 Nc6 3. Bc4 Nf6 4. d3 Bc5 5. c3 d6 6. Nbd2 a6 7. Bb3 Be6 8. Bc2 Ba7 9. 0-0 0-0 10. Re1 Ne7 11. Nf1 Ng6 12. Ng3 Qd7 13. Bg5 Kh8 14. d4 h6 15. Bxf6 gxf6 16. d5 Bg4 17. h3 Bxh3 18. Nh2 Bxg2 19. Kxg2 Nh4+ 20. Kh1 Qh3 21. Rg1 Bxf2 22. Qd2 Qxh2+ 23. Kxh2 Nf3+ 24. Kg2 Nxd2 25. Kxf2 Nc4 26. Rh1 Rg8 27. Nf5 Rg6 28. Nxh6 Kg7 29. Nf5+ Kf8 30. Rag1 Rxg1 31. Kxg1 Kg8 32. Kf2 c6 33. dxc6 bxc6 34. Bb3 d5 35. exd5 cxd5 36. Ne7+ Kg7 37. Bc2 Rh8 38. Rxh8 Kxh8 39. Nxd5 Nxb2 40. Nb6 a5 41. Ke2 a4 42. Nxa4 Nc4 43. Bb3 Nd6 44. c4 Kg7 45. c5 Nb5 46. Kd3 f5 47. Kc4 Nc7 48. Nb6 f4 49. Nd5 Ne8 50. Ba4 f3 51. Bxe8 f2 52. Ne3 f5 53. Bb5 f4 54. Kd3 fxe3 55. Kxe3 f1Q 56. Bxf1 Kf6 57. a4 Ke7 58. a5 Kd7 59. a6 Kc7 60. Ke4 Kb8 61. Kxe5 Ka7 62. c6 Kb6 63. Kd6 Ka7 64. c7 Kb6 65. c8Q Ka5 66. Qc5+ Ka4 67. Bb5+ Kb3 68. Qc4+ Kb2 69. Qd3 Ka1 70. Qd2 Kb1 71. Bc4 1-0

[Event "ESP-ch U12 Rapid"]
[Site "Salobrena"]
[Date "2022.07.17"]
[Round "8"]
[White "Prochaieva, Alina"]
[Black "Ibanez Macias, Julen"]
[Result "1-0"]
[WhiteElo "1459"]
[BlackElo "1360"]
[PlyCount "97"]
[EventDate "2022.07.09"]
[EventType "swiss (rapid)"]
[EventRounds "9"]
[EventCountry "ESP"]
[SourceTitle "EXT 2023"]
[Source "ChessBase"]
[SourceDate "2022.10.05"]
[SourceVersion "1"]
[SourceVersionDate "2022.10.05"]
[SourceQuality "1"]

1. d4 Nf6 2. Nf3 g6 3. g3 Bg7 4. Bg2 0-0 5. c4 d6 6. 0-0 Nbd7 7. Nc3 a5 8. e4 e5 9. dxe5 Nxe5 10. Nxe5 dxe5 11. Qe2 c6 12. h3 Be6 13. Be3 Qe7 14. Na4 Nd7 15. Rac1 f5 16. exf5 gxf5 17. Rfd1 f4 18. Bd2 fxg3 19. fxg3 Nc5 20. Nxc5 Qxc5+ 21. Be3 Qe7 22. b3 Rad8 23. Rxd8 Rxd8 24. Rd1 Rxd1+ 25. Qxd1 b5 26. cxb5 cxb5 27. Qd3 Qd7 28. Qc3 Bxh3 29. Qxa5 Bxg2 30. Kxg2 Qd5+ 31. Kf2 Qf7+ 32. Kg2 Qd5+ 33. Kf2 Qf7+ 34. Kg2 Qb7+ 35. Kf2 e4 36. Qd8+ Bf8 37. Qg5+ Qg7 38. Qxb5 Qb2+ 39. Qe2 Qf6+ 40. Kg2 Qe6 41. Qc4 Qxc4 42. bxc4 Kf7 43. a4 Bb4 44. Bb6 Ke7 45. a5 Kd7 46. a6 Kc6 47. a7 Kb7 48. Kf2 Bd2 49. c5 1-0

[Event "ESP-ch U12"]
[Site "Salobrena"]
[Date "2022.07.11"]
[Round "1"]
[White "Ibanez Macias, Julen"]
[Black "Piris Ferrandis, Asier"]
[Result "1/2-1/2"]
[WhiteElo "1824"]
[BlackElo "1261"]
[PlyCount "90"]
[EventDate "2022.07.04"]
[EventType "swiss"]
[EventRounds "9"]
[EventCountry "ESP"]
[SourceTitle "EXT 2023"]
[Source "ChessBase"]
[SourceDate "2022.10.05"]
[SourceVersion "1"]
[SourceVersionDate "2022.10.05"]
[SourceQuality "1"]

1. e4 c5 2. Nf3 Nc6 3. d4 cxd4 4. Nxd4 d6 5. Nc3 g6 6. Be3 Bg7 7. Qd2 Nf6 8. f3 Bd7 9. 0-0-0 a6 10. Bh6 0-0 11. h4 Nxd4 12. Qxd4 Bxh6+ 13. Kb1 Bg7 14. Qe3 b5 15. g4 Qa5 16. g5 Nh5 17. Nd5 Rfe8 18. a3 Qd8 19. f4 e6 20. Nb6 Bc6 21. Nxa8 Bxa8 22. Be2 Qc7 23. Bxh5 gxh5 24. Rh2 Rc8 25. Rhd2 Qc5 26. Qe2 Qc4 27. Qxc4 Rxc4 28. Rxd6 Bxe4 29. R1d2 Bd5 30. Rd8+ Bf8 31. f5 Rxh4 32. b3 Rg4 33. f6 Rxg5 34. c4 bxc4 35. bxc4 Be4+ 36. Kb2 Rg2 37. Kc3 Rxd2 38. Kxd2 h4 39. Ke3 Bh1 40. Kf4 h3 41. Kg3 Bg2 42. c5 h6 43. Rc8 h5 44. c6 Bxc6 45. Rxc6 Bxa3 1/2-1/2

[Event "Malaga op 15th"]
[Site "Malaga"]
[Date "2021.10.31"]
[Round "6"]
[White "Revaliente Montoya, Ciro"]
[Black "Ibanez Macias, Julen"]
[Result "1-0"]
[WhiteElo "2081"]
[BlackElo "1552"]
[PlyCount "55"]
[EventDate "2021.10.29"]
[EventType "swiss"]
[EventRounds "7"]
[EventCountry "ESP"]
[SourceTitle "CBM 204 Extra"]
[Source "ChessBase"]
[SourceDate "2021.11.30"]
[SourceVersion "1"]
[SourceVersionDate "2021.11.30"]
[SourceQuality "1"]

1. e4 c5 2. Nc3 e6 3. Nf3 a6 4. d4 cxd4 5. Nxd4 d6 6. Be3 Nf6 7. Be2 Be7 8. 0-0 0-0 9. f4 Qc7 10. Bf3 Nc6 11. a4 Bd7 12. Nb3 Na5 13. Nxa5 Qxa5 14. Qd2 Kh8 15. Rfd1 Bc6 16. b4 Qc7 17. b5 axb5 18. axb5 Bd7 19. b6 Qc4 20. e5 Rxa1 21. Rxa1 dxe5 22. fxe5 Bb4 23. exf6 Qxc3 24. Qxc3 Bxc3 25. Ra7 Bc6 26. Bxc6 bxc6 27. b7 Rb8 28. Ra8 1-0

[Event "ESP-ch U14"]
[Site "Salobrena"]
[Date "2021.07.16"]
[Round "7"]
[White "Ferre Cebrian, Guifre"]
[Black "Ibanez Macias, Julen"]
[Result "1-0"]
[WhiteElo "1450"]
[BlackElo "1703"]
[PlyCount "89"]
[EventDate "2021.07.12"]
[EventType "swiss"]
[EventRounds "9"]
[EventCountry "ESP"]
[SourceTitle "EXT 2022"]
[Source "ChessBase"]
[SourceDate "2021.10.06"]
[SourceVersion "1"]
[SourceVersionDate "2021.10.06"]
[SourceQuality "1"]

1. e4 c5 2. Nf3 d6 3. d4 cxd4 4. Nxd4 Nf6 5. Nc3 a6 6. Be2 e6 7. 0-0 Be7 8. f4 Qc7 9. Be3 0-0 10. g4 b5 11. g5 Nfd7 12. f5 Qd8 13. fxe6 Bxg5 14. Qd2 Bxe3+ 15. Qxe3 Nf6 16. exf7+ Kh8 17. Rad1 Rxf7 18. Nf5 Bxf5 19. Rxf5 Nc6 20. Nd5 Nxd5 21. Rfxd5 Rf6 22. Qd2 Rg6+ 23. Kh1 Qh4 24. Qe3 Rh6 25. h3 Nb4 26. Rxd6 Rxd6 27. Rxd6 Nxc2 28. Qf3 Qe7 29. e5 Rf8 30. Rd7 Qc5 31. Qc3 Qf2 32. e6 Rg8 33. Qxc2 Qe1+ 34. Kg2 Rf8 35. Rf7 Rg8 36. e7 Qb4 37. Qc3 Qd6 38. Qf3 Qg6+ 39. Kf1 Qe6 40. Qf5 Qc6 41. Bd3 Qh1+ 42. Ke2 Qh2+ 43. Kd1 Qg1+ 44. Kc2 Qg2+ 45. Kb3 1-0

[Event "ESP-ch U14"]
[Site "Salobrena"]
[Date "2021.07.14"]
[Round "4"]
[White "Ibanez Macias, Julen"]
[Black "Iribas Garayoa, Adriana"]
[Result "1-0"]
[WhiteElo "1703"]
[BlackElo "1430"]
[PlyCount "61"]
[EventDate "2021.07.12"]
[EventType "swiss"]
[EventRounds "9"]
[EventCountry "ESP"]
[SourceTitle "EXT 2022"]
[Source "ChessBase"]
[SourceDate "2021.10.06"]
[SourceVersion "1"]
[SourceVersionDate "2021.10.06"]
[SourceQuality "1"]

1. d4 d5 2. Nf3 Nf6 3. Bg5 Ne4 4. Bh4 h6 5. e3 c5 6. c3 Nc6 7. Nbd2 Qb6 8. Qc1 Bf5 9. Be2 f6 10. Nxe4 Bxe4 11. 0-0 g5 12. Bg3 h5 13. h4 Bxf3 14. Bxf3 gxh4 15. Bxh4 0-0-0 16. a4 Kb8 17. a5 Qc7 18. b4 c4 19. e4 Bh6 20. Qa3 dxe4 21. Bxe4 f5 22. Bf3 Rdg8 23. b5 Nd8 24. Bxe7 Bf8 25. Bxf8 Rxf8 26. b6 axb6 27. axb6 Qxb6 28. Rfb1 Qf6 29. Rxb7+ Nxb7 30. Qa7+ Kc7 31. Qxb7+ 1-0

[Event "ESP-ch U12"]
[Site "Salobrena"]
[Date "2021.07.08"]
[Round "6"]
[White "Souto Corredoura, Hugo"]
[Black "Ibanez Macias, Julen"]
[Result "0-1"]
[WhiteElo "1019"]
[BlackElo "1703"]
[PlyCount "60"]
[EventDate "2021.07.05"]
[EventType "swiss"]
[EventRounds "9"]
[EventCountry "ESP"]
[SourceTitle "EXT 2022"]
[Source "ChessBase"]
[SourceDate "2021.10.06"]
[SourceVersion "1"]
[SourceVersionDate "2021.10.06"]
[SourceQuality "1"]

1. e4 c5 2. Nf3 d6 3. Bb5+ Bd7 4. Bxd7+ Nxd7 5. c4 g6 6. d4 Bg7 7. 0-0 cxd4 8. Nxd4 Ngf6 9. Nc3 0-0 10. Be3 Ne5 11. b3 h6 12. h3 Qd7 13. Qd2 Kh7 14. Rad1 Nc6 15. f4 Rad8 16. Qc1 Nxd4 17. Bxd4 Qc6 18. Qb2 e5 19. fxe5 dxe5 20. Bxe5 Qc5+ 21. Kh1 Qxe5 22. Qc2 Nh5 23. Rf3 Rxd1+ 24. Qxd1 Ng3+ 25. Kg1 Nxe4 26. Nxe4 Qxe4 27. Qd3 Qe7 28. Qe3 Qxe3+ 29. Rxe3 Bd4 30. Kf2 Re8 0-1

[Event "ESP-ch U12"]
[Site "Salobrena"]
[Date "2021.07.07"]
[Round "4"]
[White "Vilarino Lorenzo, Uxio"]
[Black "Ibanez Macias, Julen"]
[Result "1/2-1/2"]
[WhiteElo "1424"]
[BlackElo "1703"]
[PlyCount "106"]
[EventDate "2021.07.05"]
[EventType "swiss"]
[EventRounds "9"]
[EventCountry "ESP"]
[SourceTitle "EXT 2022"]
[Source "ChessBase"]
[SourceDate "2021.10.06"]
[SourceVersion "1"]
[SourceVersionDate "2021.10.06"]
[SourceQuality "1"]

1. e4 c5 2. d3 Nc6 3. g3 g6 4. Bg2 Bg7 5. f4 d6 6. h3 e6 7. Nf3 Nge7 8. 0-0 0-0 9. c3 f5 10. Be3 Rb8 11. Nbd2 b5 12. d4 fxe4 13. Nxe4 Nf5 14. Bf2 cxd4 15. g4 d5 16. Nc5 Ne3 17. Bxe3 dxe3 18. Ng5 Qb6 19. Ngxe6 Bxe6 20. Bxd5 Qxc5 21. Bxe6+ Kh8 22. Qd5 Qxd5 23. Bxd5 Na5 24. a4 b4 25. Rac1 Rfc8 26. cxb4 e2 27. Rfe1 Rxc1 28. Rxc1 Bd4+ 29. Kg2 Bxb2 30. Re1 Rd8 31. Rxe2 Rxd5 32. Rxb2 Nc4 33. Re2 Rd7 34. Kf2 Nb6 35. a5 Nd5 36. Rd2 Kg7 37. Kf3 Kf6 38. Ke4 Nc3+ 39. Ke3 Re7+ 40. Kd4 Ne2+ 41. Kc5 Nxf4 42. h4 Ke5 43. Kc6 Ke4 44. b5 Kf3 45. h5 g5 46. Rd7 Re6+ 47. Kb7 Re5 48. b6 axb6 49. a6 h6 50. a7 Ra5 51. Rd6 Rxa7+ 52. Kxa7 Kxg4 53. Rxh6 Kh4 1/2-1/2

[Event "ESP-ch U12"]
[Site "Salobrena"]
[Date "2021.07.06"]
[Round "3"]
[White "Ibanez Macias, Julen"]
[Black "Beneyto De Ramon, Guillermo"]
[Result "1/2-1/2"]
[WhiteElo "1703"]
[BlackElo "1461"]
[PlyCount "69"]
[EventDate "2021.07.05"]
[EventType "swiss"]
[EventRounds "9"]
[EventCountry "ESP"]
[SourceTitle "EXT 2022"]
[Source "ChessBase"]
[SourceDate "2021.10.06"]
[SourceVersion "1"]
[SourceVersionDate "2021.10.06"]
[SourceQuality "1"]

1. e4 c5 2. Nc3 Nc6 3. g3 g6 4. Bg2 Bg7 5. d3 d6 6. Be3 Nf6 7. h3 Rb8 8. Qd2 0-0 9. Bh6 b5 10. Bxg7 Kxg7 11. Nge2 e6 12. 0-0 Ne7 13. f4 b4 14. e5 Nfd5 15. Ne4 dxe5 16. fxe5 Nf5 17. Rf2 Qc7 18. g4 Nfe3 19. Nd6 Nxg2 20. Rxf7+ Qxf7 21. Nxf7 Rxf7 22. Kxg2 Bb7 23. Kg1 Rbf8 24. c4 bxc3 25. Nxc3 Rf3 26. Ne4 Nf4 27. Qa5 Bxe4 28. dxe4 Ne2+ 29. Kh1 Rxh3+ 30. Kg2 Rg3+ 31. Kh1 Rh3+ 32. Kg2 Rg3+ 33. Kh1 Rh3+ 34. Kg2 Rg3+ 35. Kh1 1/2-1/2

[Event "ESP-ch U10"]
[Site "Salobrena"]
[Date "2020.07.23"]
[Round "6"]
[White "Ibanez Macias, Julen"]
[Black "Piris Ferrandis, Asier"]
[Result "0-1"]
[WhiteElo "1426"]
[BlackElo "1193"]
[PlyCount "79"]
[EventDate "2020.07.20"]
[EventType "swiss"]
[EventRounds "9"]
[EventCountry "ESP"]
[SourceTitle "EXT 2021"]
[Source "ChessBase"]
[SourceDate "2020.10.23"]
[SourceVersion "1"]
[SourceVersionDate "2020.10.23"]
[SourceQuality "1"]

1. d4 Nf6 2. Nf3 g6 3. Bg5 Bg7 4. Nbd2 0-0 5. e4 d6 6. c3 Re8 7. Bd3 e5 8. 0-0 Nc6 9. Qb3 Rb8 10. Bb5 Bg4 11. Qa4 Bd7 12. Bxf6 Bxf6 13. d5 a6 14. Bxc6 bxc6 15. dxc6 Be6 16. c4 Rxb2 17. Nb3 Rc2 18. Na5 Re2 19. Rfe1 Rxe1+ 20. Rxe1 Bg4 21. Nb7 Qa8 22. Qa3 Qa7 23. h3 Be6 24. Qd3 Qb6 25. Rb1 Qxc6 26. Na5 Qa4 27. Qc3 Qxa2 28. Rb7 Bd8 29. Rb8 Bd7 30. Nb7 Qb1+ 31. Kh2 Bc6 32. Rxd8 Qxb7 33. Rxe8+ Bxe8 34. Nd2 Qa7 35. f3 a5 36. Nb1 a4 37. Kg3 Qd4 38. Qxd4 exd4 39. Kf4 f6 40. h4 0-1

[Event "ESP-ch U10"]
[Site "Salobrena"]
[Date "2020.07.20"]
[Round "2"]
[White "Ibanez Macias, Julen"]
[Black "Mukhtarkhan, Arailym"]
[Result "1-0"]
[WhiteElo "1426"]
[BlackElo "1141"]
[PlyCount "57"]
[EventDate "2020.07.20"]
[EventType "swiss"]
[EventRounds "9"]
[EventCountry "ESP"]
[SourceTitle "EXT 2021"]
[Source "ChessBase"]
[SourceDate "2020.10.23"]
[SourceVersion "1"]
[SourceVersionDate "2020.10.23"]
[SourceQuality "1"]

1. d4 d6 2. Nf3 Nf6 3. Bg5 Bg4 4. Nbd2 e6 5. e4 Nc6 6. c3 Be7 7. Bd3 a6 8. 0-0 0-0 9. Bc2 b5 10. Qe2 b4 11. Qd3 a5 12. e5 dxe5 13. Bxf6 Bf5 14. Qb5 Bxc2 15. Bxg7 Kxg7 16. Qxc6 bxc3 17. Qxc3 Bg6 18. Nxe5 Bb4 19. Qe3 Qd6 20. Nxg6 hxg6 21. Nc4 Qd5 22. Ne5 Rad8 23. Qg5 Rd6 24. Rad1 Qxa2 25. Rd3 Rh8 26. Rf3 Rf8 27. Qf6+ Kg8 28. Rh3 g5 29. Rh8# 1-0

[Event "Gibraltar U12 op"]
[Site "Caleta"]
[Date "2019.08.18"]
[Round "4"]
[White "Richards, Alexander1"]
[Black "Ibanez Macias, Julen"]
[Result "1-0"]
[WhiteElo "1341"]
[BlackElo "1308"]
[PlyCount "107"]
[EventDate "2019.08.16"]
[EventType "swiss"]
[EventRounds "6"]
[EventCountry "GGB"]
[SourceTitle "CBM 195 Extra"]
[Source "ChessBase"]
[SourceDate "2020.05.31"]
[SourceVersion "1"]
[SourceVersionDate "2020.05.31"]
[SourceQuality "1"]

1. e4 d5 2. exd5 Nf6 3. Nc3 Bg4 4. Be2 Bxe2 5. Ngxe2 Nxd5 6. d3 Nc6 7. Bd2 e6 8. Ne4 Be7 9. Bc3 0-0 10. 0-0 Nxc3 11. N4xc3 f5 12. d4 Qe8 13. d5 Rd8 14. Nf4 exd5 15. Ne6 d4 16. Nb5 a6 17. Nbxc7 Qd7 18. Re1 Rc8 19. Nxf8 Rxf8 20. Ne6 Rf6 21. Nf4 Bd6 22. Nd3 Rh6 23. h3 Bc7 24. Qf3 Qd6 25. Qxf5 Qh2+ 26. Kf1 Rf6 27. Qg4 Rf8 28. Qe4 Bb8 29. Ke2 Qc7 30. a3 Qc8 31. Qd5+ Kh8 32. Kf1 Qc7 33. Rad1 Ne7 34. Qb3 Nf5 35. Ke2 Qe7+ 36. Kf1 Qc7 37. Ne5 Ne3+ 38. Ke2 Qxe5 39. fxe3 dxe3 40. Qxe3 Qb5+ 41. Qd3 Qe5+ 42. Kd2 Qg5+ 43. Kc3 Be5+ 44. Kb3 Bf6 45. Re2 Qc5 46. Ka2 Qb6 47. c3 h6 48. Rde1 Qc7 49. Qd5 Qc8 50. Qe6 Qc7 51. g4 Bg5 52. Qg6 Qc4+ 53. Ka1 Qg8 54. Re8 1-0